000 00287nam a22001337a 4500
082 _a894.812.3
_bMOH/P
100 _aMOHANKUMAR, EZHAMKULAM
245 _aPUNNARAM PAVA
250 _aFIRST
260 _aKOLLAM
_bNALAY BOOKS
_c2001
300 _a43
650 _aSTORY
_zKERALA
942 _cBK
999 _c1792
_d1792